La constitución social de la subjetividad
Na minha lista:
| Main Authors: | , |
|---|---|
| Formato: | Livro |
| Idioma: | espanhol |
| Publicado em: |
Madrid
Los Libros de la Catarata
2001
|
| Assuntos: | |
| Tags: |
Adicionar Tag
Sem tags, seja o primeiro a adicionar uma tag!
|
MARC
| LEADER | 00000cam a2200000 a 4500 | ||
|---|---|---|---|
| 001 | UCF2701 | ||
| 003 | CL-VaPUC | ||
| 008 | 120830e20010000SP |||||||||||||||||spa|d | ||
| 020 | |a 8483191121 | ||
| 082 | 0 | 4 | |a 302 |b CRE |2 21 |
| 100 | 0 | |a Crespo, Eduardo |e author |9 564454 | |
| 700 | 0 | |a Soldevilla, Carlos |e author |9 564455 | |
| 245 | 1 | 3 | |a La constitución social de la subjetividad |
| 300 | |a 269 p | ||
| 942 | |c BK | ||
| 945 | |d 20120830 00:00:00 |a dcastane | ||
| 260 | |a Madrid |b Los Libros de la Catarata |c 2001 | ||
| 650 | 0 | |a Psicología social |9 222894 | |
| 650 | 0 | |a Teoría del conocimiento |9 255038 | |
| 650 | 0 | |a Subjetividad |9 319638 | |
| 583 | |a last modification |c 20120830 10:25:00 |k Rodrigo Vera | ||
| 999 | |c 349241 |d 349239 | ||
| 952 | |0 0 |1 0 |4 0 |6 302_000000000000000_CRE_2001 |7 0 |8 A |9 451763 |a BIBEDU |b BIBEDU |d 2019-11-22 |i 4899636 |o 302 CRE 2001 |p 4899636 |r 2019-11-22 |w 2019-11-22 |y BK |k PSI | ||
| 952 | |0 0 |1 0 |4 0 |6 302_000000000000000_CRE_2001 |7 0 |8 A |9 451764 |a BIBEDU |b BIBEDU |d 2019-11-22 |i 4899644 |o 302 CRE 2001 |p 4899644 |r 2019-11-22 |w 2019-11-22 |y BK |k PSI | ||
| 952 | |0 0 |1 0 |4 0 |6 302_000000000000000_CRE_2001 |7 0 |8 A |9 451765 |a BIBEDU |b BIBEDU |d 2019-11-22 |i 4899652 |o 302 CRE 2001 |p 4899652 |r 2019-11-22 |w 2019-11-22 |y BK |k PSI | ||
| 952 | |0 0 |1 0 |4 0 |6 302_000000000000000_CRE_2001 |7 0 |8 A |9 451766 |a BIBEDU |b BIBEDU |d 2019-11-22 |i 4899660 |o 302 CRE 2001 |p 4899660 |r 2019-11-22 |w 2019-11-22 |y BK |k PSI | ||